Aglomeracja katowicka - Statystyki

Ogólne statystyki
  • Ten quiz został rozwiązany 295 razy
  • Średni wynik to 13 z 19
Statystyki odpowiedzi
Ludność w tys. Miasto % Poprawnych
301.8 Katowice
98%
209.3 Sosnowiec
92%
172.3 Bytom
88%
111.2 Chorzów
88%
184.4 Gliwice
87%
177.2 Zabrze
87%
141.9 Ruda Śląska
80%
123.3 Dąbrowa Górnicza
78%
128.6 Tychy
75%
75.1 Mysłowice
65%
69.6 Siemianowice Śląskie
63%
58.4 Będzin
61%
52.4 Świętochłowice
60%
94.3 Jaworzno
58%
54.2 Piekary Śląskie
53%
33.6 Czeladź
49%
39.6 Mikołów
49%
60.9 Tarnowskie Góry
48%
39.3 Knurów
26%
Nie znaleziono quizów pasujących do podanych kryteriów
Rozkład punktacji
Procent ludzi z każdym wynikiem
Percentyl według liczby udzielonych odpowiedzi
Twoja historia wyników
Nie rozwiązałeś tego quizu